Property bears seasonal drop (Record no. 71908)
[ view plain ]
| 000 -LEADER | |
|---|---|
| fixed length control field | 00768cam a2200193 4500 |
| 001 - CONTROL NUMBER | |
| control field | WB3902-07 |
| 008 - FIXED-LENGTH DATA ELEMENTS--GENERAL INFORMATION | |
| fixed length control field | 030114n2003 000 0 eng u |
| 035 ## - SYSTEM CONTROL NUMBER | |
| System control number | (Sirsi) u121008 |
| 245 ## - TITLE STATEMENT | |
| Title | Property bears seasonal drop |
| 260 ## - PUBLICATION, DISTRIBUTION, ETC. | |
| Date of publication, distribution, etc. | 2003 |
| 490 ## - SERIES STATEMENT | |
| Series statement | Property Week |
| Volume/sequential designation | 68(1) 10 January 2003, 21(1) |
| 520 ## - SUMMARY, ETC. | |
| Summary, etc. | The FTSE Real Estate Index showed that property shares followed the same pattern as the All Share Index in the last three weeks to 3 January 2003, with 2002 considered the worst year for stocks since 1974 and the end of a three year bear market, the worst since the Great Depression of 1929-1931. |
| 590 ## - LOCAL NOTE (RLIN) | |
| Local note | WB |
| 650 ## - SUBJECT ADDED ENTRY--TOPICAL TERM | |
| Topical term or geographic name entry element | PROPERTY SHARES |
| 650 ## - SUBJECT ADDED ENTRY--TOPICAL TERM | |
| Topical term or geographic name entry element | STOCK MARKETS |
| 650 ## - SUBJECT ADDED ENTRY--TOPICAL TERM | |
| Topical term or geographic name entry element | STOCKS |
| 690 ## - LOCAL SUBJECT ADDED ENTRY--TOPICAL TERM (OCLC, RLIN) | |
| Topical term or geographic name as entry element | PROPERTY-COMMERCIAL PROPERTY |
| 942 ## - ADDED ENTRY ELEMENTS (KOHA) | |
| Suppress in OPAC | 0 |
| Withdrawn status | Lost status | Source of classification or shelving scheme | Damaged status | Not for loan | Home library | Current library | Shelving location | Date acquired | Total Checkouts | Full call number | Barcode | Date last seen | Copy number | Price effective from | Koha item type |
|---|---|---|---|---|---|---|---|---|---|---|---|---|---|---|---|
| Dewey Decimal Classification | London | London | News article | 14/01/2003 | WB3902-07 | 121008-1001 | 06/08/2019 | 1 | 06/08/2019 | News article |